The Practitioner's Income Tax Act. (Record no. 5669)

MARC details
005 - DATE AND TIME OF LATEST TRANSACTION
control field 20250627140030.0
020 ## - INTERNATIONAL STANDARD BOOK NUMBER
International Standard Book Number 0-459-57578-3
082 ## - DEWEY DECIMAL CLASSIFICATION NUMBER
Classification number 343.71 SHE
245 ## - TITLE STATEMENT
Title The Practitioner's Income Tax Act.
250 ## - EDITION STATEMENT
Edition statement 12th Ed.
260 ## - PUBLICATION, DISTRIBUTION, ETC.
Place of publication, distribution, etc. Canada,
Name of publisher, distributor, etc. Carswell,
Date of publication, distribution, etc. 1997.
300 ## - PHYSICAL DESCRIPTION
Extent cxliii, 2321p.: ill.;
Other physical details Index
Dimensions 28cm
700 ## - ADDED ENTRY--PERSONAL NAME
Other authors/Editors SHERMAN, D. M.
942 ## - ADDED ENTRY ELEMENTS (KOHA)
Source of classification or shelving scheme Dewey Decimal Classification
Koha item type Books
Holdings
Date last seen Total checkouts Full call number Barcode Cost, replacement price Price effective from Koha item type Lost status Source of classification or shelving scheme Damaged status Not for loan Withdrawn status Home library Current library Shelving location Date acquired Cost, normal purchase price
06/27/2025   343.71 SHE DOM000265 90000.00 06/27/2025 Books   Dewey Decimal Classification       CBE Dodoma CBE Dodoma General Collection 06/27/2025 30000.00